000 00900nam a2200253 a 4500
001 81702
003 BD-RjUL
005 20230816152004.0
008 230816r20192011bg ||||| |||| 00| 0 ben d
020 _a9847012001348
035 _a(BD-RjUL)81702
040 _aBD-RjUL
_beng
_cBD-RjUL
041 _aben
082 _223
_a891.444
_bODB 2019
100 _aওদুদ, কাজী আবদুল
_98377
245 _aবাংলার জাগরণ /
_cকাজী আবদুল ওদুদ
260 _aঢাকা :
_bকথাপ্রকাশ,
_c২০১১ [মুদ্রণ ২০১৯]
300 _a১৯৯ পৃ.;
_c২২ সেমি.
650 _aবাংলা সাহিত্য
_xপ্রবন্ধ
_9681
650 _aBengali Literature
_xEssay
_9682
650 _aবাংলা
_xইতিহাস
650 _aBengal
_xHistory
942 _2ddc
_cBK
999 _c81702
_d81702